The Indian heritage / (Record no. 126932)

MARC details
000 -LEADER
fixed length control field 00604nam a22002297a 4500
005 - DATE AND TIME OF LATEST TRANSACTION
control field 20170124110017.0
010 ## - LIBRARY OF CONGRESS CONTROL NUMBER
LC control number 080551
020 ## - INTERNATIONAL STANDARD BOOK NUMBER
Terms of availability 00.00
035 ## - SYSTEM CONTROL NUMBER
System control number 080551
037 ## - SOURCE OF ACQUISITION
Source of stock number/acquisition Cen Lib/Ret
040 ## - CATALOGING SOURCE
Original cataloging agency DPL
Language of cataloging EN
082 ## - DEWEY DECIMAL CLASSIFICATION NUMBER
Classification number 301.2
Item number KAB
100 ## - MAIN ENTRY--PERSONAL NAME
Personal name Kabir, Humayun
9 (RLIN) 18891
245 ## - TITLE STATEMENT
Title The Indian heritage /
Statement of responsibility, etc by Humayun Kabir
250 ## - EDITION STATEMENT
Edition statement rev. enl. 3rd ed
260 ## - PUBLICATION, DISTRIBUTION, ETC. (IMPRINT)
Place of publication, distribution, etc Bombay
Name of publisher, distributor, etc Asia Publishing House
Date of publication, distribution, etc 1946
270 ## - ADDRESS
City Bombay
300 ## - PHYSICAL DESCRIPTION
Extent x170p.
Dimensions 17cm(Hb)
650 ## - SUBJECT ADDED ENTRY--TOPICAL TERM
Topical term or geographic name as entry element Manners and customs
9 (RLIN) 18892
650 ## - SUBJECT ADDED ENTRY--TOPICAL TERM
Topical term or geographic name as entry element Civilization
9 (RLIN) 15651
942 ## - ADDED ENTRY ELEMENTS (KOHA)
Source of classification or shelving scheme Dewey Decimal Classification
Koha item type English Books
Classification part 301.2
Call number suffix KAB
Holdings
Withdrawn status Lost status Damaged status Not for loan Home library Current library Date acquired Source of acquisition Cost, normal purchase price Total Checkouts Full call number Barcode Date last seen Copy number Cost, replacement price Price effective from Koha item type
        Central Library Central Library 26/06/2015 Cen Lib/Ret 0.00   301.2 KAB 080551 26/06/2015 1 0.00 26/06/2015 English Books

© Delhi Public Library
Hit Counter
free hit counter